[Event "TUR-chT2"]
[Site "Konya"]
[Date "2017.07.09"]
[Round "1.27"]
[White "Lekealmaz, Emre"]
[Black "Erdem, Salih"]
[Result "0-1"]
[WhiteElo "1255"]
[BlackElo "1595"]
[PlyCount "88"]
[EventDate "2017.07.09"]
[EventType "team-swiss"]
[EventRounds "9"]
[EventCountry "TUR"]
[SourceTitle "CBM 179 Extra"]
[Source "ChessBase"]
[SourceDate "2017.08.23"]
[SourceVersion "1"]
[SourceVersionDate "2017.08.23"]
[SourceQuality "1"]
[WhiteTeam "Corum Merkez Yatili"]
[BlackTeam "Ataturk Univ"]
[WhiteTeamCountry "TUR"]
[BlackTeamCountry "TUR"]

1. e4 c6 2. Nf3 d5 3. e5 Bg4 4. d4 e6 5. Be2 c5 6. 0-0 cxd4 7. Qxd4 Bxf3 8. Bxf3 Qc7 9. Nc3 Nc6 10. Nb5 Qa5 11. Qd3 Nxe5 12. Bd2 Nxf3+ 13. gxf3 Qb6 14. Bf4 Rc8 15. Rfe1 Nf6 16. Bg5 Be7 17. Rac1 0-0 18. Nd4 Rc4 19. c3 Qxb2 20. Rb1 Qxc3 21. Qxc3 Rxc3 22. Rxb7 Bc5 23. Be3 Bxd4 24. Bxd4 Rc4 25. Bxa7 Ra4 26. a3 Rc8 27. Reb1 Rxa3 28. Rb8 Rac3 29. R8b5 Nd7 30. Rb7 R8c7 31. Rxc7 Rxc7 32. Bb6 Rb7 33. Kf1 f5 34. Ke2 Rxb6 35. Rxb6 Nxb6 36. f4 g5 37. fxg5 e5 38. Kd2 Nc4+ 39. Ke2 e4 40. h3 f4 41. f3 e3 42. h4 Nb2 43. h5 d4 44. g6 d3+ 0-1